000 02294nam0a2200349 4500
001 RU\NLR\bibl\1302483
005 20250615151514.0
010 _a978-5-93272-531-3
_9150
021 _aRU
_b2008-82283
_94795
035 _a(NLR Aleph) 001288048
090 _a541438
_c541438
100 _a20081203d2008 |||y0rusy50 ca
101 0 _arus
102 _aRU
105 _aa |||||||||
200 1 _aMultiprog и UltraLogik - системы программирования промышленных контроллеров
_eучебное пособие для студентов , обучающихся по направлению 150900 - "Технология, оборудование и автоматизация машиностроительных производств"
_fВ.В. Кангин, М.В. Кангин, Д.Н. Ямолдинов
_gФедерал. агентство по образованию, Гос. образоват. учреждение высш. проф. образования Нижегор. гос. техн. ун-т им. Р.Е. Алексеева, Арзамас. политехн. ин-т (фил. НГГУ им. Р.Е. Алексеева)
210 _aНижний Новгород
_cНижегородский государственный технический университет
_d2008
215 _a111, [1] с.
_cил.
_d21
320 _aБиблиогр. в конце кн. (6 назв.)
606 1 _aПрограммируемые контроллеры
_jУчебные издания для высших учебных заведений
_xПрограммирование
_92395690
_3RU\NLR\auth\661428391
606 1 _aЯзыки программирования
_jУчебные издания для высших учебных заведений
_92088769
_3RU\NLR\auth\661264476
686 _aЗ973.26я73-1
700 1 _aКангин
_bВ. В.
_gВладимир Венедиктович
_4070
701 1 _aКангин
_bМ. В.
_gМихаил Владимирович
_4070
701 1 _aЯмолдинов
_bД. Н.
_gДмитрий Николаевич
_4070
801 0 _aRU
_bNLR
_c20081203
_gRCR
801 1 _aRU
_bNLR
_c20081203
830 _aавт. по кн.
942 _cBOOK
980 _aNB